|
|
|
|
| LEADER |
01340nmm a2200349 a 4500 |
| 001 |
000608122 |
| 003 |
CZ BrMZK |
| 005 |
20060522123609.0 |
| 008 |
020626s2000 xr f cze d |
| 040 |
|
|
|a BOA001
|b cze
|
| 041 |
0 |
|
|a cze
|e eng
|
| 080 |
|
|
|a (036)
|2 MRF
|
| 080 |
|
|
|a (0.034.44)
|2 MRF
|
| 080 |
|
|
|a 027.54
|2 MRF
|
| 080 |
|
|
|a (437.311)
|2 MRF
|
| 100 |
1 |
|
|a Novotná, Eva,
|d 1933-
|7 xx0022100
|
| 245 |
1 |
0 |
|a Národní knihovna ČR
|h [elektronický zdroj] :
|b Klementinum /
|c Eva Novotná, Jiří Kraus
|
| 246 |
3 |
1 |
|a National library of the Czech republik
|
| 250 |
|
|
|a Vyd. 1
|
| 260 |
|
|
|a Praha :
|b Národní knihovna,
|c 2000
|
| 300 |
|
|
|a 1 elektronický optický disk (CD-ROM) ;
|c 12 cm +
|e 1 složený l.
|
| 500 |
|
|
|a Souběžný anglický název
|
| 538 |
|
|
|a Požadavky na systém: Windows 95, Pentium 200MHz, VGA 800x600 High Color
|
| 650 |
0 |
7 |
|a národní knihovny
|7 ph123433
|z Česko
|2 czenas
|
| 655 |
|
7 |
|a CD-ROM
|7 fd133955
|2 czenas
|
| 655 |
|
7 |
|a průvodce
|7 fd133154
|2 czenas
|
| 610 |
2 |
7 |
|a Národní knihovna České republiky
|7 kn20010709069
|2 czenas
|
| 651 |
|
7 |
|a Praha (Česko)
|7 ge118011
|2 czenas
|
| 700 |
1 |
|
|a Kraus, Jiří,
|d 1935-2022
|7 jk01063067
|
| 910 |
|
|
|a BOA001
|b CDR-1104.421
|
| 990 |
|
|
|a CF
|
| 996 |
3 |
|
|b 2610165350
|c CDR-1104.421
|l Stud. periodik/2.patro
|r Sklad / do 1 hodiny
|n 0
|p p.v.
|w 000608122
|u 000010
|a 1
|e BOA001
|j MZK50
|s N
|